000 00220nam a2200097Ia 4500
008 170619s9999 xx 000 0 und d
100 _aLloyd- Christopher
245 0 _aSpatial Data Analysis
260 _bOxford
260 _c2010
546 _aENGLISH
999 _c20890
_d20890